| 000 | 00570nam a22002057a 4500 | ||
|---|---|---|---|
| 003 | KOHA_MİRAKIL | ||
| 005 | 20260416102246.0 | ||
| 008 | 260416b tu ||||| |||| 00| 0 tur d | ||
| 020 | _a9786056892790 | ||
| 040 |
_aTR-AnABB _btur _cTR-AnABB |
||
| 041 | _atur | ||
| 082 |
_a307.76 _bOZD 2020 |
||
| 100 | 1 | _aÖzden, Ekrem | |
| 245 | 1 | 0 |
_aŞehir ve modern / _cEkrem Özdemir |
| 260 |
_aAnkara : _bİdealkent Yayınları, _c2020 |
||
| 300 |
_a284 sayfa ; _c20 cm |
||
| 650 | 0 | 4 | _aŞehir sosyolojisi |
| 900 | _bCan ÇELIK | ||
| 942 |
_2ddc _cBK |
||
| 999 |
_c10286 _d10286 |
||